| 000 | 00818cab a22002175a 4500 | ||
|---|---|---|---|
| 001 | L135752 | ||
| 008 | 061208e20061006xxk f 000 0 eng d | ||
| 035 | _a(Sirsi) u135752 | ||
| 041 | 0 | _aeng | |
| 100 | 1 | _aAngel, Catherine | |
| 245 | 0 | 0 |
_aEDMO _bempty threat? |
| 260 | _c2006 | ||
| 490 | 0 |
_aNew Law Journal _v156(7245) 20 October 2006, 1599-1601(2) |
|
| 520 | _aLooks at Empty Dwelling Management Orders (EDMOs) covering exemptions and circumstances in which an EDMO can be made and council powers and procedures asking whether or not they would be considered a last resort. | ||
| 590 | _aKA | ||
| 650 | 2 | 4 | _aHOUSING ACT 2004 PART IV |
| 650 | 2 | 4 | _aEMPTY DWELLING MANAGEMENT ORDERS |
| 651 | 4 |
_aEngland and Wales _y1543- |
|
| 690 | _aPROPERTY-RESIDENTIAL PROPERTY-RESIDENTIAL PROPERTY MANAGEMENT | ||
| 942 | _n0 | ||
| 999 |
_c77983 _d77983 |
||